20 random Steven Universe gems - Statistics

General Stats
  • This quiz has been taken 18 times
    15 since last reset
  • The average score is 12 of 20
Answer Stats
Picture Answer % Correct
Blue Diamond
100%
Blue Pearl
100%
Demantoid
100%
Emerald
100%
Eyeball Ruby
100%
Garnet
100%
Malachite
100%
Navy Ruby
100%
Nice Lapis Lazuli
100%
Pearl
100%
Peridot
100%
Pink Diamond
100%
Pink Pearl
100%
Rose Quartz
100%
Rutile Twins
100%
Sapphire
100%
Shy Rose Quartz
100%
Spinel
100%
Steg
100%
Steven Universe
100%
Sugilite
100%
The Cluster
100%
Watermelon Tourmaline
100%
Yellow Diamond
100%
Yellow Pearl
100%
Amethyst
83%
Holly Blue Agate
80%
Topaz
80%
White Diamond
80%
Orange Spodumene
75%
Padparadscha
75%
Ruby
75%
Sardonyx
75%
Aquamarine
67%
Hessonite
67%
Hippie Rose Quartz
67%
Lapis Lazuli
67%
Nephrite
67%
Opal
67%
Pebbles
67%
Rainbow Quartz
67%
Smoky Quartz
67%
Zircon (Prosecuting)
60%
Alexandrite
50%
Army Ruby
50%
Bluebird Azurite
50%
Earth Beetle
50%
Jasper
50%
Mega Pearl
50%
Ocean Jasper
50%
Rainbow Quartz 2.0
50%
Skinny Jasper
50%
Sunstone
50%
Blue Lace Agate
40%
Heaven Beetle
40%
Aubergine Pearl
33%
Bismuth
33%
Carnelian
33%
Fluorite
33%
Obsidian
33%
Zebra Jasper (singular)
33%
Lemon Jade
25%
Zircon (Defense)
25%
Zebra Jasper (fusion)
20%
Angel Aura Quartz
0%
Biggs Jasper
0%
Bixbite
0%
Cherry Quartz
0%
Chert
0%
Crazy Lace Agate
0%
Doc Ruby
0%
Flint
0%
Giant Ruby
0%
Lace Amethyst
0%
Larimar
0%
Leggy Ruby
0%
Mean Lapis Lazuli
0%
Pyrope
0%
Rhodonite
0%
Snowflake Obsidian
0%
Stevonnie
0%
Superfan Rose Quartz
0%
No matching quizzes found
Score Distribution
Percent of People with Each Score
Percentile by Number Answered
Your Score History
You have not taken this quiz since the last reset